Garbo y donaire de Rubén Romero /

José Rubén Romero (1890-1952), escritor michoacano. Se dio a conocer a partir de 1922 con la colección de poemas Tacámbaro y obtuvo gran popularidad por sus novelas Rosenda (1946) y sobre todo, con La vida inútil de Pito Pérez (1938). En 1911 se unió a la insurrección maderista, dando inicio así a s...

詳細記述

保存先:
書誌詳細
第一著者: Koons, John Frederick (autor)
フォーマット: 図書
言語:スペイン語
主題:
タグ: タグ追加
タグなし, このレコードへの初めてのタグを付けませんか!

MARC

LEADER 00000nam^a2200000^a^4500
001 000142954
005 20250521000000.0
009 20260310095707.316
037 |a Acervo ITESO - Biblioteca 
041 |a ESP 
082 |a 860. 97206  |b KOO 
100 |a Koons, John Frederick  |e (autor) 
245 1 0 |a Garbo y donaire de Rubén Romero /  |c J.F. Koons. 
264 |a México :  |b edición de autor,  |c 1942 
300 |a 178 p. 
336 |a texto  |b txt  |2 rdacontenido 
337 |a sin mediación  |b n  |2 rdamedio 
338 |a volumen  |b nc  |2 rdasoporte 
520 |a José Rubén Romero (1890-1952), escritor michoacano. Se dio a conocer a partir de 1922 con la colección de poemas Tacámbaro y obtuvo gran popularidad por sus novelas Rosenda (1946) y sobre todo, con La vida inútil de Pito Pérez (1938). En 1911 se unió a la insurrección maderista, dando inicio así a su vida política y militar. Ocupó varios puestos públicos y diplomáticos, entre los que destacan cónsul general en Barcelona, embajador en Brasil y en Cuba. Fue miembro de la Liga de Escritores y Artistas Revolucionarios, y de número de la Academia Mexicana de la Lengua. Autor, entre otras, de las obras de poesía: Fantasías (1908), Versos viejos (1930); y de narrativa: Cuentos rurales (1915), Alma heroica (1917), Sentimental (1919), Apuntes de un lugareño (1932), Desbandada (1934), Una vez fui rico (1939), Rostros (1942), Alusiones a la guerra (1943), Algunas cosilla de Pito Pérez que se me quedaron en el tintero (1945), Mis andanzas académicas (1950). Texto presentado como tesis de la Escuela de Verano de la Universidad Nacional Autónoma de México, en que se estudian el regionalismo, los principales temas tratados y el estilo, presentes en las obras de José Rubén Romero, Apuntes de un lugareño, Desbandada, El pueblo inocente, Mi caballo, mi perro y mi rifle, La vida inútil de Pito Pérez, Anticipación a a la muerte, y Semblanza de una mujer. 
649 |a XX 
650 |a Escritores Mexicanos 
650 |a Novela Mexicana -  |x Historia y Crítica 
650 |a Literatura Mexicana -  |x Historia y Crítica 
650 |a Literatura Mexicana -  |y Siglo XX 
650 |a Literatura Costumbrista -  |z México 
650 |a Novela Histórica -  |z México 
650 |a Novela de la Revolución 
650 |a Literatura e Historia -  |z México 
650 |a Romero, José Rubén 
910 |a Fondo Salvador Reynoso Reynoso 
920 |a Impresos - Libros 
930 |a Fondos Especiales 
940 |a Literatura 
905 |a 112 
901 |a 0800015575  |b IT2  |c ESP  |u 20250521 
902 |a https://opac.biblio.iteso.mx/vufind/Record/000142954